000 00884cab a2200217 4500
001 ABS42188
008 090401t1990 xxu||||| |||| 00| 0 eng d
035 _a(Sirsi) u35190
041 _aeng
100 _aPlumbe, G.
245 _aCompensation: new rateable values
260 _c1990
350 _a0
490 _aLaw Society`s Gazette
_v87(3) 24 January 1990, 14(1)
520 _aDiscusses the Department of Environment proposals to reduce the basic multiplier for calculating compensation for business tenants dispossessed at the end of a lease . Payment is related to rateable values which are due to rise sharply in April 1990, when the Uniform Business Rate comes into force. The implications of this change are reviewed.
650 _aAPPROPRIATE MULTIPLER
650 _aUBR
690 _aLANDLORD AND TENANT-BUSINESS TENANCIES
942 _n0
948 _c04/03/1997
999 _c23079
_d23079